Rapid practical designs of active filters
Gespeichert in:
| 1. Verfasser: | |
|---|---|
| Weitere Verfasser: | |
| Format: | Buch |
| Sprache: | English |
| Veröffentlicht: |
New York, New York : Willey,
1975
|
| Schlagworte: | |
| Tags: |
Tag hinzufügen
Keine Tags, Fügen Sie den ersten Tag hinzu!
|
MARC
| LEADER | 00000nam a2200000Ia 4500 | ||
|---|---|---|---|
| 003 | 000338 | ||
| 005 | 20221231144012.0 | ||
| 008 | 140114s1975 nyua 000 ||eng d | ||
| 040 | |c cru CEDI | ||
| 082 | |a 621.381.532 J66r | ||
| 100 | |a Johnson, David E |9 19171 | ||
| 245 | |a Rapid practical designs of active filters | ||
| 260 | |a New York, New York : Willey, |c 1975 | ||
| 300 | |a ix, 264 páginas : ilustraciones ; 23 cm |b fotocopia | ||
| 650 | |x FILTROS ELECTRICOS - DISEÑO Y CONSTRUCCION |9 19173 | ||
| 700 | |9 19172 |a Hilburn, John L., 1938- | ||
| 942 | |2 ddc |c BK | ||
| 999 | |c 15448 |d 15448 | ||
